| 000 | 00452nam a2200145Ia 4500 | ||
|---|---|---|---|
| 008 | 220204s9999 xx 000 0 und d | ||
| 082 |
_a58/581:614.71 _bMUD |
||
| 100 | _aKOSLOWSKI, T T | ||
| 245 | 0 | _aResponses of plants to air pollution. | |
| 260 |
_aNew York _bAcademic _c1975 |
||
| 490 | _aPhysiological ecology; A series of monographs texts and treatises. Ed by T T Kozlowski | ||
| 650 | _aAir pollutant | ||
| 700 | _aMUDD, Brain J | ||
| 942 | _cBK | ||
| 999 |
_c23897 _d23897 |
||